000 00345cam a2200157ua 4500
041 _aeng
_h
082 _a641.3
_bNAS/FO
100 _aNasset, Edmundsigurd .
245 _aFood and you
250 _a2 /
_b.
260 _aNew York :
_bBarnes and noble Inc ,
_c1958.
300 _a166 ; .
504 _a
942 _cBK
999 _c1222
_d1222